| 000 | 00453nam a22001577a 4500 | ||
|---|---|---|---|
| 999 |
_c2603 _d2603 |
||
| 008 | 200311b ||||| |||| 00| 0 eng d | ||
| 020 | _a8121906288 | ||
| 100 |
_915 _aKhurmi, R. S. |
||
| 245 | 1 | 0 |
_aMechanical engineering (conventional and objective type) _cby R.S. Khurmi and J.K. Gupta. |
| 250 | _a7th ed. | ||
| 260 |
_aNew Delhi, _bS.Chand: _c2009. |
||
| 300 | _a838p. | ||
| 650 | 0 | _aMechanical Engineering | |
| 700 |
_917 _aGupta, J. K. |
||
| 942 | _cBK | ||